Silicon Valley Greats (Record no. 2247)

MARC details
000 -LEADER
fixed length control field 00332nam a2200133Ia 4500
008 - FIXED-LENGTH DATA ELEMENTS--GENERAL INFORMATION
fixed length control field 230503s9999 xx 000 0 und d
020 ## - INTERNATIONAL STANDARD BOOK NUMBER
International Standard Book Number 9788125914648
082 ## - DEWEY DECIMAL CLASSIFICATION NUMBER
Classification number 004.64
100 ## - MAIN ENTRY--PERSONAL NAME
Personal name NAIDU,N Chandrababu
245 ## - TITLE STATEMENT
Title Silicon Valley Greats
260 ## - PUBLICATION, DISTRIBUTION, ETC.
Place of publication, distribution, etc. Delhi
Name of publisher, distributor, etc. Vikash Publishing house
Date of publication, distribution, etc. 2003
300 ## - PHYSICAL DESCRIPTION
Extent 286p.
942 ## - ADDED ENTRY ELEMENTS (KOHA)
Koha item type Book
Source of classification or shelving scheme Dewey Decimal Classification
Holdings
Withdrawn status Lost status Source of classification or shelving scheme Damaged status Not for loan Collection code Home library Current library Shelving location Date acquired Source of acquisition Cost, normal purchase price Full call number Barcode Date last seen Price effective from Koha item type Public note
    Dewey Decimal Classification     Non-fiction RIC Library RIC Library General Stacks 05/03/2023 HCM RIPA 180.00 004.64 KSHS 001647 05/03/2023 05/03/2023 Book R-3.1

Venue

Rajasthan International Centre
Sansthan Path,JLN Marg, Jaipur- 302017
Phone: +91-7230904025